00369nam a2200121Ia 4500008004100000040001700041041001200058082001700070100001400087245012600101260000900227300001100236230917s9999||||xx |||||||||||||| ||und|| e210166aMAIN aEnglish a342.54 R164S aRani Devi 0a73van samvaidhanik sanshodhan adhiniyam, 1992 aur mahilaon ka sashaktikaran-Haryana rajya ke Karnal jile ke sandarbh mein c2013 a304 p.